[Event "Astrakhan Major Cup"]
[Site "Astrakhan"]
[Date "2010.08.31"]
[Round "11"]
[White "Soshnikov, Mikhail"]
[Black "Min, Valeriy"]
[Result "1/2-1/2"]
[WhiteElo "2282"]
[BlackElo "2286"]
[PlyCount "21"]
[EventDate "2010.08.21"]
[EventType "tourn"]
[EventRounds "11"]
[EventCountry "RUS"]
[EventCategory "2"]
[SourceTitle "EXT 2013"]
[Source "ChessBase"]
[SourceDate "2012.11.22"]
[SourceVersion "1"]
[SourceVersionDate "2012.11.22"]
[SourceQuality "1"]

1. d4 Nf6 2. c4 c5 3. Nf3 cxd4 4. Nxd4 e5 5. Nb5 d5 6. cxd5 a6 7. N5c3 Bc5 8. e3 0-0 9. h3 e4 10. g4 Re8 11. Bg2 1/2-1/2

[Event "Astrakhan Major Cup"]
[Site "Astrakhan"]
[Date "2010.08.27"]
[Round "7"]
[White "Min, Valeriy"]
[Black "Akhmedzhanov, Kamil"]
[Result "1/2-1/2"]
[WhiteElo "2286"]
[BlackElo "2317"]
[PlyCount "31"]
[EventDate "2010.08.21"]
[EventType "tourn"]
[EventRounds "11"]
[EventCountry "RUS"]
[EventCategory "2"]
[SourceTitle "EXT 2013"]
[Source "ChessBase"]
[SourceDate "2012.11.22"]
[SourceVersion "1"]
[SourceVersionDate "2012.11.22"]
[SourceQuality "1"]

1. d4 Nf6 2. c4 c5 3. Nf3 cxd4 4. Nxd4 e6 5. g3 Nc6 6. Bg2 Bb4+ 7. Bd2 Bc5 8. Nb3 Be7 9. 0-0 0-0 10. e4 d5 11. cxd5 exd5 12. exd5 Nxd5 13. Nc3 Be6 14. Nxd5 Bxd5 15. Bc3 Bxg2 16. Kxg2 1/2-1/2

[Event "Astrakhan Major Cup"]
[Site "Astrakhan"]
[Date "2010.08.22"]
[Round "2"]
[White "Igambergenov, Alibek"]
[Black "Min, Valeriy"]
[Result "1/2-1/2"]
[WhiteElo "2195"]
[BlackElo "2286"]
[PlyCount "32"]
[EventDate "2010.08.21"]
[EventType "tourn"]
[EventRounds "11"]
[EventCountry "RUS"]
[EventCategory "2"]
[SourceTitle "EXT 2013"]
[Source "ChessBase"]
[SourceDate "2012.11.22"]
[SourceVersion "1"]
[SourceVersionDate "2012.11.22"]
[SourceQuality "1"]

1. e4 e5 2. Nf3 Nf6 3. Nxe5 d6 4. Nf3 Nxe4 5. Qe2 Qe7 6. d3 Nf6 7. Bg5 Qxe2+ 8. Bxe2 Be7 9. Nc3 h6 10. Bf4 0-0 11. 0-0-0 a6 12. Rhe1 Re8 13. Nd2 Nc6 14. Nde4 Nxe4 15. dxe4 Be6 16. Nd5 Bxd5 1/2-1/2

[Event "RUS-Cup04"]
[Site "Samara"]
[Date "2002.07.28"]
[Round "3"]
[White "Min, Valeriy"]
[Black "Petrov, Ivan"]
[Result "1/2-1/2"]
[WhiteElo "2383"]
[BlackElo "2161"]
[PlyCount "47"]
[EventDate "2002.07.26"]
[EventType "swiss"]
[EventRounds "9"]
[EventCountry "RUS"]
[SourceTitle "CBM 089 Extra"]
[Source "ChessBase"]
[SourceDate "2002.09.10"]
[SourceVersion "2"]
[SourceVersionDate "2002.09.10"]
[SourceQuality "1"]

1. e4 e5 2. Nf3 Nc6 3. Bc4 Nf6 4. d3 Bc5 5. c3 d6 6. Bb3 a6 7. Nbd2 Ba7 8. Nf1 Ne7 9. Ng3 Ng6 10. 0-0 0-0 11. Be3 Bg4 12. h3 Bd7 13. Qd2 Qc8 14. Kh2 Be6 15. Bg5 Ne8 16. Nh4 f6 17. Ngf5 Qd7 18. Bxe6+ Qxe6 19. Be3 Nxh4 20. Nxh4 d5 21. Bxa7 Rxa7 22. exd5 Qxd5 23. Nf5 Kh8 24. Qe3 1/2-1/2